=LDR 00000nam 2200000 4500 =001 NUTBA000000000003417 =005 20230109013632 =035 ##$$a 0010-081400000000262 =008 230109################g##########0#ind## =020 ##$$a 978-979-29-2604-6 =040 ##$$a NBPDMAT =082 ##$$a 373.076 =090 ##$$a 373.076 $b Agu b =100 ##$$a Agus Kamaludin =245 1#$$a Buku saku saksi UAN SMK untuk teknik otomotif dan permesinan : $b Matematika, Bahasa Indonesia, Bahasa Inggris /$c Agus Kamaludin =250 ##$$a Ed.1 =260 ##$$a Yogyakarta :$b Andi,$c 2011 =300 ##$$a viii, 566 hlm. : $b ilus. ; $c 15 x 10 cm. =500 ##$$a Bibliografi : hlm. 565-566 =650 #4$$a Pendidikan Menengah - Studi dan Penagajaran =850 ##$$a NBPDMAT =084 ##$$a 373.076 AGU b =990 ##$$a 21404697 =990 ##$$a 21404698 =990 ##$$a 21404699 =990 ##$$a 21404700 =990 ##$$a 21404701